• 首页
  • 本馆介绍
  • 公告通知
  • 最新文献
  • 馆藏检索
  • 电子资源
  • 读者导购
  • 参考咨询
  • 我的图书馆
  • 登录
  • 详细信息显示
  • 放入我的书架
  • 预约/预借图书
  • 作者相关作品
  • 分类相关作品
  • 丛书相关作品
  • 出版社相关作品

书目信息

  • 表格格式
  • 工作单格式
  • 卡片格式
题名:
市场调查方法与技术
    
 
作者: 简明 编著
分册:  
出版信息: 北京   中国人民大学出版社  2005
页数: 333页
开本: 23cm
丛书名:
单 册:
中图分类: F713.52
科图分类:
主题词: 市场--调查--教材 , 市场
电子资源:
ISBN: 7-300-05443-9
000 00916nam0 2200265 450
000 00931nam0 2200265 450
000 00861nam0 2200241 450
000 00825nam0 2200229 45
005 20070610104154.40
010    @a7-300-05443-9@dCNY25.00
100    @a20070608d2005 em y0chiy0120 ea
101 0  @achi
102    @aCN@b110000
105    @ay z 000yy
200 1  @a市场调查方法与技术@AShi Chang Diao Cha Fang Fa Yu Ji Shu@f简明等编著@FJian Ming Deng Bian Zhu
210    @a北京@c中国人民大学出版社@d2005
215    @a333页@d23cm
300    @a21世纪统计学系列教材
330    @a本书是讲述市场调查知识的高等教材,注重市场调查基本方法与运用方式的结合、市场调查理论与调查实务的结合等内容,并提供了同步内容小结与思考题。
606 0  @a市场@x调查@j教材
606 0  @a市场
690    @aF713.52@v4
701  0 @a简明@AJian Ming@c(市场管理)@4编著
801  0 @aCN@bTAOJIN@c20070610
905    @a10447@dF713.52@e315
    
    市场调查方法与技术/简明等编著.-北京:中国人民大学出版社,2005
    333页;23cm
    21世纪统计学系列教材
    
    ISBN 7-300-05443-9:CNY25.00
    本书是讲述市场调查知识的高等教材,注重市场调查基本方法与运用方式的结合、市场调查理论与调查实务的结合等内容,并提供了同步内容小结与思考题。
●
相关链接 在E读中查询图书 在五车中查询图书 在当当中查询图书 在豆瓣中查询图书


正题名:市场调查方法与技术     索取号:F713.52/315         预约/预借

序号 登录号 条形码 馆藏地/架位号 状态 备注
1 0527797   205277975   第一样本阅览室/ [索取号:F713.52/315] 在馆    
2 0527798   205277984   第一借阅区/ [索取号:F713.52/315] 在馆    
3 0527799   205277993   第一借阅区/ [索取号:F713.52/315] 在馆    
4 0527800   205278000   第一借阅区/ [索取号:F713.52/315] 在馆    
5 0527801   205278019   第一借阅区/ [索取号:F713.52/315] 在馆    
6 0527802   205278028   密集书库/ [索取号:F713.52/315] 在馆    
7 0527803   205278037   密集书库/ [索取号:F713.52/315] 在馆    
唐山师范学院图书馆 欢迎您!
大连网信软件有限公司© 版权所有